Về bài Nam quốc sơn hà /

Đã lưu trong:
Bibliografiske detaljer
Hovedforfatter: Nguyễn Đăng Na
Format: Bài viết
Sprog:Vietnamese
Fag:
Tags: Tilføj Tag
Ingen Tags, Vær først til at tagge denne postø!
Thư viện lưu trữ: Thư viện Trường Đại học Đà Lạt
LEADER 00760nam a2200265 4500
001 DLU040026794
040 # # |a DLU  |b vie 
041 # # |a vie 
044 # # |a vn 
100 # # |a Nguyễn Đăng Na 
245 # # |a Về bài Nam quốc sơn hà /  |c Nguyễn Đăng Na 
600 # # |a Lý Thường Kiệt.  |t Nam quốc sơn hà 
653 # # |a Nghiên cứu văn học 
653 # # |a Văn học trung đại 
773 # # |a Tạp chí Văn học  |g Số 1 - 2003, tr. 27 - 32 
920 # # |a Phòng Tạp chí -- Trung tâm Thông tin - Thư viện Trường Đại học Đà Lạt 
933 # # |a NV 
994 # # |a DLU 
900 # # |a True 
911 # # |a Nguyễn Năng Hải 
925 # # |a G 
926 # # |a A 
927 # # |a BB 
980 # # |a Thư viện Trường Đại học Đà Lạt